Actors / Actresses by their Characters #16 - Statistics

General Stats
  • This quiz has been taken 64 times
  • The average score is 3 of 10
Answer Stats
Hint Answer % Correct
Mr. Bean, Johnny English, Zazu, Edmund Blackadder Rowan Atkinson
93%
Daenerys Targaryen, Sarah Connor, Qi'ra, Louisa Clark Emilia Clarke
61%
Tom Baker, Inspector Clouseau, Lucky Day, Dr. Michael Hfuhruhurr Steve Martin
41%
Jean Grey / Phoenix, Muriel, Lenore "Lenny" Mills, Xenia Onatopp Famke Janssen
36%
Sandy Olsson, Kira, Debbie Wylder, Amy Miller Olivia Newton-John
34%
Boromir, Alec Trevelyan / Janus, Zeus, Odysseus Sean Bean
34%
Latika, Caroline Aranha, Messua, Phaedra Freida Pinto
10%
Clive Gollings, PC Danny Butterman, Ed, Ricky Knight Nick Frost
10%
Briseis, Helen Harris III, Ellen Parsons, Moira MacTaggert Rose Byrne
10%
Frank Dixon, Stanley Kubrick, Nigel Kipling, Dill Penderghast Stanley Tucci
5%
No matching quizzes found
Score Distribution
Percent of People with Each Score
Percentile by Number Answered
Your Score History
You have not taken this quiz